000 01512nam2a22003251 4500
001 v19\rc\1594993
005 20250618215415.0
035 _a(NLR Aleph) 004718622
090 _a4300852
_c4300852
100 _a20061002d1899 |||y0rusy50 ca
101 0 _arus
102 _aRU
105 _ay z |||||
200 0 _a1898 года
_fСост. С.В. Сперанским при содействии Э.Я. Цоппи
210 _d1899
_aБ. м.
215 _aXI, 103, VIII с.
320 _aБиблиогр. с. I-VIII
461 0 _1001v19\rc\1594989
_12001#$aОтчет о ходе торговли в Нижегородской ярмарке...$fБюро торг. сведений при Нижегор. ярмароч. биржевом ком.$v1898 года
_94300803
_aНижегородский ярмарочный биржевой комитет
_cМосква
_d1895-1918
_fБюро торг. сведений при Нижегор. ярмароч. биржевом ком.
_tОтчет о ходе торговли в Нижегородской ярмарке...
_v1898 года
702 1 _aСперанский
_bС.В.
_f1868-
_gСергей Васильевич
_4220
702 1 _aЦоппи
_bЭ.Я.
_4220
801 0 _aRU
_bNLR
_gpsbo
801 0 _aRU
_bRuMoRGB
_2psbo
801 1 _aRU
_bProSoft-M
_2rusmarc
852 _aNLR
_j20.58.4.102
852 _aNLR
_j132/1130
899 _aRuMoRGB
_jF 71/153
899 _aRuMoRGB
_jS 120/41
899 _aГПИБ (1895-1917*)
942 _cBOOK
980 _aNB